The fundamentals of taxation/ (Record no. 4303)

MARC details
000 -LEADER
fixed length control field 00594nam a22001937a 4500
003 - CONTROL NUMBER IDENTIFIER
control field OSt
005 - DATE AND TIME OF LATEST TRANSACTION
control field 20250827043212.0
008 - FIXED-LENGTH DATA ELEMENTS--GENERAL INFORMATION
fixed length control field 250827b |||||||| |||| 00| 0 eng d
020 ## - INTERNATIONAL STANDARD BOOK NUMBER
International Standard Book Number 971-23-3950-5
040 ## - CATALOGING SOURCE
Original cataloging agency DWC-Main Lib.
Transcribing agency OC
082 ## - DEWEY DECIMAL CLASSIFICATION NUMBER
Edition number 14th ed.
100 ## - MAIN ENTRY--PERSONAL NAME
Personal name DE LEON , HECTOR M. JR.
245 ## - TITLE STATEMENT
Title The fundamentals of taxation/
Statement of responsibility, etc. DE LEON , HECTOR M. JR.
260 ## - PUBLICATION, DISTRIBUTION, ETC.
Place of publication, distribution, etc. Manila :
Name of publisher, distributor, etc. Rex Book Store,
Date of publication, distribution, etc. c2004.
300 ## - PHYSICAL DESCRIPTION
Extent xxviii, 346 p. :
Dimensions 22 cm.
650 ## - SUBJECT ADDED ENTRY--TOPICAL TERM
Topical term or geographic name entry element Taxation-law and legislation-Philippines
700 ## - ADDED ENTRY--PERSONAL NAME
Personal name DE LEON , HECTOR S.
942 ## - ADDED ENTRY ELEMENTS (KOHA)
Source of classification or shelving scheme Dewey Decimal Classification
Koha item type Book-Filipiniana
Edition 14th ed.
Classification part Fil.
Suppress in OPAC No
952 ## - LOCATION AND ITEM INFORMATION (KOHA)
--
952 ## - LOCATION AND ITEM INFORMATION (KOHA)
--
952 ## - LOCATION AND ITEM INFORMATION (KOHA)
--
Holdings
Withdrawn status Lost status Source of classification or shelving scheme Damaged status Not for loan Home library Current library Shelving location Date acquired Source of acquisition Cost, normal purchase price Total Checkouts Full call number Barcode Date last seen Copy number Price effective from Koha item type Uniform Resource Identifier
    Dewey Decimal Classification     College Library College Library Filipiniana 02/10/2006 SF 385.00   Fil. 343.59904 D278 2004 CL42778 08/27/2025 c1 08/27/2025 BK - FIL
    Dewey Decimal Classification     College Library College Library Filipiniana 02/10/2006 SF 385.00   Fil. 343.59904 D278 2004 CL42779 08/27/2025 c2 08/27/2025 BK - FIL
    Dewey Decimal Classification     College Library College Library Filipiniana 02/10/2006 SF 385.00   Fil. 343.59904 D278 2004 CL42780 08/27/2025 c3 08/27/2025 BK - FIL